000 00372nam a22001577a 4500
999 _c5194
_d5192
005 20210909154633.0
008 160905b xxu||||| |||| 00| 0 eng d
020 _a978-0-07-049546-3
041 _aeng
100 _aQUIN,MICHAEL J
_93490
245 _aPARALLEL COMPUTING
260 _bMGRRAW HILL
300 _a433
650 _aINFORMATION TECHNLOGY
_93491
942 _cBK